Inertial guidance sensors
Збережено в:
| Автор: | |
|---|---|
| Формат: | Книга |
| Мова: | Англійська |
| Опубліковано: |
Nueva York
Reinhold
1964
|
| Предмети: | |
| Теги: |
Додати тег
Немає тегів, Будьте першим, хто поставить тег для цього запису!
|
MARC
| LEADER | 00000nam a2200000 a 4500 | ||
|---|---|---|---|
| 001 | UCU6778 | ||
| 003 | CL-VaPUC | ||
| 008 | 960621e19640000US |||||||||||||||||eng|d | ||
| 082 | 0 | 4 | |a 629.132 |b SLA |2 21 |
| 100 | 0 | |a Slater, J. M |e author |9 365160 | |
| 245 | 1 | 0 | |a Inertial guidance sensors |
| 300 | |a 221 p | ||
| 942 | |c BK | ||
| 945 | |d 19960621 00:00:00 |a paguirre | ||
| 260 | |a Nueva York |b Reinhold |c 1964 | ||
| 650 | 7 | |a NAVEGACION AEREA |2 CL-VaPUC |9 255385 | |
| 650 | 0 | |a Navegación |9 255384 | |
| 650 | 7 | |a INERCIA |2 CL-VaPUC |9 344732 | |
| 650 | 7 | |a FUERZAS |2 CL-VaPUC |9 360776 | |
| 650 | 0 | |a Movimiento |9 322237 | |
| 650 | 0 | |a Mecánica |9 260096 | |
| 583 | |a last modification |c 19960621 00:00:00 |k Rodrigo Vera | ||
| 999 | |c 249594 |d 249592 | ||
| 952 | |0 0 |1 0 |4 0 |6 629_132000000000000_SLA_1964 |7 0 |8 A |9 266914 |a BIBING |b BIBING |d 2019-11-19 |i 1691198 |o 629.132 SLA 1964 |p 1691198 |r 2025-01-20 |w 2019-11-19 |y BK |k ING | ||